00518 2200193 4500001002100000005001800021008004100039035002400080090001800104100001700122245004200139250000600181260003500187300003400222650002100256700001700277850001500294999001500309YOGYA-0211000000057120110201082737661 ind  0010-021100000000571 aDEP 230 War M aWarren, Rick aMetode pemahaman alkitab yang dinamis a- aYogyakartabYayasan Andic1995 axiii, 213 hlm.: ilus.; 21 cm. aAlkitab- Teologi aHerlem, T.B. aYOPDYOG[B] aD970026563